| 000 | 01024cam a2200289 a 4500 | ||
|---|---|---|---|
| 001 | 3506414 | ||
| 005 | 20230414125444.0 | ||
| 008 | 950622s1996 nyua bs 001 0 eng | ||
| 010 | _a 95031606 | ||
| 020 | _a0065006062 | ||
| 040 |
_aDLC _cDLC _dDLC |
||
| 050 | 0 | 0 |
_aQA276 _b.H788 1996 |
| 082 | 0 | 0 |
_a001.4 _220 _bHUC |
| 100 | 1 |
_aHuck, Schuyler W. _9111921 |
|
| 245 | 1 | 0 | _aReading statistics and research. |
| 250 |
_a2nd ed. / _bSchuyler W. Huck, William H. Cormier. |
||
| 260 |
_aNew York : _bHarperCollins, _cc1996. |
||
| 300 |
_axx, 652 p. : _bill. ; _c24 cm. |
||
| 504 | _aIncludes bibliographical references (p. 641-642) and index. | ||
| 650 | 0 |
_aStatistics. _969 |
|
| 650 | 0 |
_aResearch. _9552 |
|
| 650 | 0 |
_aExperimental design. _910527 |
|
| 700 | 1 |
_aCormier, William H. _q(William Henry), _d1933- _9111922 |
|
| 906 |
_a7 _bcbc _corignew _d1 _eocip _f19 _gy-gencatlg |
||
| 942 |
_2ddc _cBK |
||
| 999 |
_c594515 _d594515 |
||